000
00320nam a22001217a 4500
008
160518b xxu||||| |||| 00| 0 eng d
020
_a
9780801661440
020
_a
0801661447
041
_a
eng
080
_a
618.2
245
_a
Clinical manual of pediatrc nursing:
_c
Donna L. Wong ; Lucille F. Whaley;
942
_2
udc
_c
BK
999
_c
2184
_d
2184